Death by misadventure / Tasha Alexander.
Available copies
- 2 of 2 copies available at LARL/NWRL Consortium.
Current holds
0 current holds with 2 total copies.
View other formats and editions
Show Only Available Copies
| Location | Call Number / Copy Notes | Barcode | Shelving Location | Status | Due Date |
|---|---|---|---|---|---|
| Mahnomen Public Library | LARGE PRINT M ALE (Text) | 33500014283626 | New | Available | - |
| Moorhead Public Library | LARGE PRINT M ALE (Text) | 33500014283634 | New | Available | - |
Record details
- ISBN: 9781420527407
- ISBN: 1420527401
- Physical Description: 411 pages (large print) ; 23 cm.
- Edition: Large print edition.
- Publisher: [Waterville, Maine] : Thorndike Press, a part of Gale, a Cengage Company, 2025.
- Copyright: ©2024
Content descriptions
| General Note: | Published in 2025 by arrangement with St. Martin's Publishing Group. |
| Bibliography, etc. Note: | Includes bibliographical references. |
| Summary, etc.: | "In the winter of 1906, Lady Emily and husband ... Read More |
| Source of Description Note: | Description based on publisher data; resource not ... Read More |
Search for related items by subject
| Genre: | Detective and mystery fiction. Novels. Large print books. |
Search for related items by series
| LDR | 03125cam a2200589 i 4500 | ||
|---|---|---|---|
| 001 | 471871 | ||
| 003 | LARL_NWRL_CONSORTIUM | ||
| 005 | 20250922170820.0 | ||
| 008 | 250528t20252024meu db 000 1 eng d | ||
| 040 | . | ‡aIG# ‡beng ‡erda ‡cIG# ‡dOCP ‡dOCLCO ‡dINO ‡dOCLCO ‡dYDX ‡dNMS ‡dIUK ‡dBKL | |
| 019 | . | ‡a1521165311 ‡a1534887407 | |
| 020 | . | ‡a9781420527407 ‡q(hardcover) ; ‡q(large print) | |
| 020 | . | ‡a1420527401 ‡q(hardcover) ; ‡q(large print) | |
| 035 | . | ‡a(OCoLC)1522761828 ‡z(OCoLC)1521165311 ‡z(OCoLC)1534887407 | |
| 082 | 0 | 4. | ‡a813.6 ‡223 |
| 100 | 1 | . | ‡aAlexander, Tasha, ‡d1969- ‡eauthor. ‡1https://id.oclc.org/worldcat/entity/E39PBJfh6y8qwJM3cFMFTXBpT3 ‡0(LARL_NWRL_CONSORTIUM)192259 |
| 245 | 1 | 0. | ‡aDeath by misadventure / ‡cTasha Alexander. |
| 250 | . | ‡aLarge print edition. | |
| 264 | 1. | ‡a[Waterville, Maine] : ‡bThorndike Press, a part of Gale, a Cengage Company, ‡c2025. | |
| 264 | 4. | ‡c©2024 | |
| 300 | . | ‡a411 pages (large print) ; ‡c23 cm. | |
| 336 | . | ‡atext ‡btxt ‡2rdacontent | |
| 337 | . | ‡aunmediated ‡bn ‡2rdamedia | |
| 338 | . | ‡avolume ‡bnc ‡2rdacarrier | |
| 340 | . | ‡nlarge print (16 point) ‡2rdafs | |
| 490 | 0 | . | ‡aLady Emily Ashton ; ‡v18 |
| 500 | . | ‡aPublished in 2025 by arrangement with St. Martin's Publishing Group. | |
| 504 | . | ‡aIncludes bibliographical references. | |
| 520 | . | ‡a"In the winter of 1906, Lady Emily and husband Colin are invited to the opulent home of Baroness Ursula von Duchtel in the Bavarian alps. Outside is a mountainous winter wonderland. Inside, the villa hosts a magnificent art collection as well as an eclectic collection of fellow guests, among them Kaspar, the Baroness' son-in-law, whom, it begins to appear, someone wants dead. Emily investigates Kaspar's increasingly lethal 'mishaps' when tragedy strikes, ensnaring the guests in a web of fear and suspicion. It's up to Emily to sift through old secrets and motivations, some stretching far into the past, to unmask the killer."-- ‡cPublisher's website. | |
| 588 | . | ‡aDescription based on publisher data; resource not viewed. ‡5TnLvILS | |
| 600 | 1 | 0. | ‡aHargreaves, Emily, ‡cLady (Fictitious character) ‡vFiction. |
| 650 | 0. | ‡aMurder ‡xInvestigation ‡vFiction. ‡0(LARL_NWRL_CONSORTIUM)166203 | |
| 610 | 2 | 0. | ‡aSchloss Neuschwanstein (Germany) ‡vFiction. |
| 650 | 0. | ‡aNobility ‡vFiction. ‡0(LARL_NWRL_CONSORTIUM)166350 | |
| 650 | 0. | ‡aArt ‡xCollectors and collecting ‡vFiction. ‡0(LARL_NWRL_CONSORTIUM)163416 | |
| 651 | 0. | ‡aAlps, Bavarian (Germany) ‡vFiction. | |
| 655 | 7. | ‡aDetective and mystery fiction. ‡2lcgft | |
| 655 | 7. | ‡aNovels. ‡2lcgft | |
| 655 | 7. | ‡aLarge print books. ‡2lcgft | |
| 901 | . | ‡a471871 ‡bAUTOGEN ‡c471871 ‡tbiblio | |

Add to basket
Permalink
Disable Highlighting